000 00976cam a22002891 4500
001 14774
003 BD-RjUL
005 20211208235705.0
008 140208s1942 nyuab b 001 0 eng
035 _a(BD-RjUL)14828
035 _a(OCoLC)1562345
040 _aDLC
_cFMU
_dOCoLC
_dDLC
_dBD-RjUL
_beng
041 _aeng
082 _a631.4
_bBES
100 1 _aBear, Firman E.
_q(Firman Edward),
_d1884-1967.
_943541
245 1 0 _aSoils and fertilizers :
_c Firman E. Bear ...
250 _a3d ed.
260 _aNew York ;
_bJ. Wiley & Sons, inc.;
_aLondon :
_bChapman & Hall, limited,
_c1942.
300 _axiii, 374 p. :
_b illus., tables, diagrs. ;
_c24 cm.
500 _a"The name of the book has been changed from ʻSoil management' to ʻSoils and fertilizers.'"--Pref.
504 _a"Selected references" at end of each chapter.
650 0 _aSoils.
_946023
650 0 _aFertilizers.
_939358
942 _2ddc
_cBK
999 _c14774
_d14774